Sifones del Canal de Isabel II / (Record no. 165338)

MARC details
000 -LEADER
campo de control de longitud fija 00978nam a22001695i 4500
001 - NÚMERO DE CONTROL
campo de control 165338
003 - IDENTIFICADOR DE NÚMERO DE CONTROL
campo de control ES-MaACL
005 - FECHA Y HORA DE LA ÚLTIMA TRANSACCIÓN
campo de control 20230906213121.0
008 - DATOS DE LONGITUD FIJA--INFORMACIÓN GENERAL
campo de control de longitud fija 990504s1858 sp |||| | spa d
040 ## - FUENTE DE CATALOGACIÓN
Centro catalogador/agencia de origen CAM
Lengua de catalogación spa
Centro/agencia transcriptor CAM
245 00 - MENCIÓN DEL TÍTULO
Título Sifones del Canal de Isabel II /
Mención de responsabilidad, etc. memoria escrita por Rogerio Inchaurraudieta, ... [et al.].
260 ## - PUBLICACIÓN, DISTRIBUCIÓN, ETC.
Lugar de publicación, distribución, etc. Madrid :
Nombre del editor, distribuidor, etc. [s.n.],
Fecha de publicación, distribución, etc. 1858 (
Fabricante Imprenta de José C. de la Peña)
300 ## - DESCRIPCIÓN FÍSICA
Extensión 30 p., [2] h. de lám. pleg. ;
Dimensiones 21 cm.
610 2# - PUNTO DE ACCESO ADICIONAL DE MATERIA--NOMBRE DE ENTIDAD CORPORATIVA
Nombre de entidad corporativa o nombre de jurisdicción como elemento de entrada Canal de Isabel II.
9 (RLIN) 2422
700 11 - ENTRADA AGREGADA--NOMBRE PERSONAL
Nombre de persona Inchaurraudieta, Rogerio.
9 (RLIN) 128175
852 ## - LOCALIZACIÓN
Ubicación ES-MaACL
Número de control de estantería F-14151(2)
Nota libre -- Enc. hol.
Encuadernación -- Edic.: pertenece a la serie (Colección de memorias y documentos relñativos á la ciencia del Ingeniero y al arte de construir ; 2) -- Hay una port. para la serie con pie de imp.: Madrid: [s.n.], 1857-1858 (Imprenta de José C. de la Peña) y precede al tít.: Revista de obras públicas -- Este ejemp. además de su paginación propia, tiene la de la col.: P. [297]- 326
Holdings
Estatus retirado Estado de pérdida Estado de daño No para préstamo Colección Biblioteca de origen Biblioteca actual Ubicación en estantería Fecha de adquisición Fuente de adquisición Total de préstamos Signatura topográfica completa Código de barras Visto por última vez Precio de reemplazo Tipo de ítem Koha
        Libros del s. XIX Biblioteca del Ateneo de Madrid Biblioteca del Ateneo de Madrid Sala Pecera Planta 2 17/01/2008     F-14151(2) 1173373 23/02/2023 23/02/2023 Libro impreso antiguo